The permanent frontier; an illustrated history of the U.S. economy in action,

Bibliographic Details
Corporate Author: New York University. Institute of Economic Affairs
Other Authors: Babian, Haig (Editor)
Format: Book
Language:English
Published: [New York?] [1961]
Subjects:

MARC

Tag First Indicator Second Indicator Subfields
LEADER 00000cam a2200000 4500
001 in00000355413
005 20231019131326.0
008 760326s1961 nyua 000 0 eng d
010 |a  61010143  
029 1 |a AU@  |b 000008327827 
029 1 |a AU@  |b 000014030216 
029 1 |a DEBBG  |b BV007192567 
029 1 |a NZ1  |b 7714266 
029 1 |a NZ1  |b 859095 
035 |a (OCoLC)ocm02069976  
035 |a (OCoLC)2069976 
035 |a (OCoLC)ocm02069976  
040 |a JNA  |b eng  |c JNA  |d OCLCQ  |d DEBBG  |d OCLCQ  |d OCLCF  |d OCLCQ  |d OCLCO  |d OCLCQ  |d OCLCO 
043 |a n-us--- 
050 4 |a HC103  |b .N46 
082 0 4 |a 330.973 
084 |a NW 2708  |2 rvk 
110 2 |a New York University.  |b Institute of Economic Affairs. 
245 1 4 |a The permanent frontier;  |b an illustrated history of the U.S. economy in action,  |c by the staff. Haig Babian, director. 
260 |a [New York?]  |c [1961] 
300 |a 120 pages  |b illustrations  |c 29 cm 
336 |a text  |b txt  |2 rdacontent 
337 |a unmediated  |b n  |2 rdamedia 
338 |a volume  |b nc  |2 rdacarrier 
651 0 |a United States  |x Economic conditions. 
651 6 |a États-Unis  |x Conditions économiques. 
650 7 |a Economic history.  |2 fast  |0 (OCoLC)fst00901974 
651 7 |a United States.  |2 fast  |0 (OCoLC)fst01204155 
700 1 |a Babian, Haig,  |e editor. 
948 |h HELD BY TXA - 86 OTHER HOLDINGS 
994 |a Z0  |b TXA 
999 f f |s cae88387-8ded-3829-ba77-fc8df34f29e4  |i 7215613b-1c53-3ec1-a967-efd5b2cfb0ec  |t 0 
952 f f |p noncirc  |a Texas A&M University  |b College Station  |c Cushing Memorial Library & Archives  |d Cushing: Dykes (Does not check out)  |t 0  |e HC103 .N46 1961  |h Library of Congress classification  |i unmediated -- volume  |m A14853121934 
998 f f |a HC103 .N46 1961  |t 0  |l Cushing: Dykes (Does not check out)